00817nam a2200181 i 450000100060000000300090000600500170001500700030003200800410003510000480007624501880012426000590031230000210037165100550039285200240044799900170047195201470048865964ES-MaACL20231103062529.0t|040123s1935 fr ||||1| fre d1 aFunck-Brentano, Frantz (d1862-1947)95302213aLa Révolution française b: las causes de la révolution : l'Assemblée Constituante : l'Assemblée Legislative : la Convention Nationale : le Directoire / cF. Funck-Brentano. aParís : bFlammarion, c[1935] (fImp. E. Desfosses) a64 p. ; c26 cm. 4aFrancia-xHistoria-y1789-1799, Revolución98685 aES-MaACLj1810-F-10 c65964d65964 001040708Colección_de_folletosaATENEOMbATENEOMcDEPOFd2008-01-17eSCl0o1810-F-10p1069104r2023-02-23 00:00:00w2023-02-23yFOLLETOS